Financial Services (Record no. 13846)

MARC details
000 -LEADER
fixed length control field 00322nam a22001457a 4500
003 - CONTROL NUMBER IDENTIFIER
control field SGT
020 ## - INTERNATIONAL STANDARD BOOK NUMBER
International Standard Book Number 978-8120344457
082 ## - DEWEY DECIMAL CLASSIFICATION NUMBER
Classification number 332
Item number GOE
100 ## - MAIN ENTRY--PERSONAL NAME
Personal name Goel, Sandeep
245 ## - TITLE STATEMENT
Title Financial Services
260 ## - PUBLICATION, DISTRIBUTION, ETC. (IMPRINT)
Place of publication, distribution, etc NEW DELHI
Name of publisher, distributor, etc PHI Learning
Year of Publication 2012
300 ## - PAGE DESCRIPTION
No. of Pages 202
650 ## - SUBJECT ADDED ENTRY--TOPICAL TERM
Topical term or geographic name as entry element COMMERCE MANAGEMENT
942 ## - ADDED ENTRY ELEMENTS (KOHA)
Source of classification or shelving scheme Dewey Decimal Classification
Koha item type Books
942 ## - ADDED ENTRY ELEMENTS (KOHA)
-- 1
Holdings
Withdrawn status Lost status Source of classification or shelving scheme Damaged status Not for loan Collection code Home library Current library Shelving location Date acquired Vendor Name Cost, normal purchase price SGTU Bill Number Total Checkouts Full call number Accession No. (Barcode) Date last seen Bill Date Koha item type Date last borrowed
    Dewey Decimal Classification     COMMERCE MANAGEMENT SGT Science & Social Sciences Library SGT Science & Social Sciences Library Text Book 27/11/2017 KIRTI PRAKASHAN NEW DELHI 225.00 SGTU IN1265   332 GOE CM3581 27/11/2017 03/11/2017 Books  
    Dewey Decimal Classification     COMMERCE MANAGEMENT SGT Science & Social Sciences Library SGT Science & Social Sciences Library Text Book 27/11/2017 KIRTI PRAKASHAN NEW DELHI 225.00 SGTU IN1265   332 GOE CM3582 27/11/2017 03/11/2017 Books  
    Dewey Decimal Classification     COMMERCE MANAGEMENT SGT Science & Social Sciences Library SGT Science & Social Sciences Library Text Book 27/11/2017 KIRTI PRAKASHAN NEW DELHI 225.00 SGTU IN1265 3 332 GOE CM3583 16/05/2023 03/11/2017 Books 11/05/2023
    Dewey Decimal Classification     COMMERCE MANAGEMENT SGT Science & Social Sciences Library SGT Science & Social Sciences Library Text Book 27/11/2017 KIRTI PRAKASHAN NEW DELHI 225.00 SGTU IN1265 2 332 GOE CM3584 28/12/2017 03/11/2017 Books 15/12/2017
    Dewey Decimal Classification     COMMERCE MANAGEMENT SGT Science & Social Sciences Library SGT Science & Social Sciences Library Text Book 27/11/2017 KIRTI PRAKASHAN NEW DELHI 225.00 SGTU IN1265 3 332 GOE CM3585 13/11/2018 03/11/2017 Books 23/10/2018